000 01201nam a22002777a 4500
003 OSt
005 20221213134221.0
007 cr ||||||a|c|a
008 221207b2021 mx ||||fom||| 001 0 spa d
040 _erda
100 1 _9130547
_aReyes Velazquez, Lino
245 1 _aEfecto de las exportaciones agropecuarias en el crecimiento del sector primario en México /
_cpor Lino Reyes Velazquez; director de tesis Miguel Ángel Martínez Damián
264 1 _aChapingo, México :
_bEl autor,
_c2021.
300 _a1 recurso en línea (55 páginas).
_bgráficas
336 _2rdacontent
_atexto
_btxt
337 _2rdamedia
_acomputadora
_bc
338 _2rdacarrier
_arecurso en línea
_bcr
502 _bMCEARN
_cDICEA
_d2021.
_gMAE
504 _aIncluye referencias bibliográficas: páginas 42-45
650 4 _9185840
_aProductos agropecuarios
_xExportaciones
650 4 _9185841
_aProductos agropecuarios
_xAspectos económicos
650 4 _9143663
_aCrecimiento agrícola
700 1 _971963
_aMartínez Damián, Miguel Ángel
_eDirector de tesis
856 _uhttp://10.13.5.2/tesis/tm/2021_EA_Reyes_Velazquez_Lino.pdf
_zDESCARGAR PDF
942 _2Clasificación Universidad Autónoma Chapingo
_cTD
999 _c217949
_d217949